Profitable Soil Management / (Record no. 3190)

MARC details
000 -LEADER
fixed length control field 00536nam a2200193 4500
005 - DATE AND TIME OF LATEST TRANSACTION
control field 20150325153042.0
007 - PHYSICAL DESCRIPTION FIXED FIELD--GENERAL INFORMATION
fixed length control field 000
008 - FIXED-LENGTH DATA ELEMENTS--GENERAL INFORMATION
fixed length control field 000
040 ## - CATALOGING SOURCE
Original cataloging agency UOEL
050 ## - LIBRARY OF CONGRESS CALL NUMBER
Classification number S591.5
Item number .K5 1962
100 ## - MAIN ENTRY--PERSONAL NAME
Personal name Knuti, L. Leo
245 ## - TITLE STATEMENT
Title Profitable Soil Management /
Statement of responsibility, etc [by] Leo L. Knuti, Milton Korpi and J.C.Hide
260 ## - PUBLICATION, DISTRIBUTION, ETC. (IMPRINT)
Place of publication, distribution, etc New Jersey
Name of publisher, distributor, etc Prentice-Hall, Inc
Date of publication, distribution, etc c1962
300 ## - PHYSICAL DESCRIPTION
Extent vii,376 p, :
Other physical details ill.
500 ## - GENERAL NOTE
General note Includes Glossary and index
650 ## - SUBJECT ADDED ENTRY--TOPICAL TERM
Topical term or geographic name as entry element Soil Management
General subdivision Agriculture
700 ## - ADDED ENTRY--PERSONAL NAME
Personal name Korpi, Milton and Hide C.J.
942 ## - ADDED ENTRY ELEMENTS (KOHA)
Source of classification or shelving scheme Library of Congress Classification
Item type Loan - Normal on open shelf
Holdings
Withdrawn status Lost status Source of classification or shelving scheme Damaged status Not for loan Home library Current library Shelving location Date acquired Total Checkouts Full call number Barcode Date last seen Copy number Price effective from Koha item type
    Library of Congress Classification     UOE Main Library UOE Main Library Open shelf 25/03/2015   S591.5 .K5 1962 20136043 27/04/2026 20136043 25/03/2015 Loan - Normal on open shelf